00359nam a2200145Ia 45000030006000000080041000060400015000471000019000622450028000812500006001092600061001153000006001765460014001820050017001960STCL150530s9999 xx 000 0 und d aSTCLcSTCL aKishan Chandar alondonile Ezhurathrikal a1 bSahitya Pravarthaka Co Operative Society ; Kottayac1970 a0 aMalayalam20220125171517.0